African Countries with the highest GDP per capita - Statistics

General Stats
  • This quiz has been taken 446 times
    245 since last reset
  • The average score is 12 of 15
Answer Stats
# of $ Country % Correct
6,483 South Africa
98%
3,304 Egypt
97%
5,532 Algeria
92%
15,115 Seychelles
88%
4,415 Tunisia
88%
7,505 Botswana
87%
10,517 Mauritius
87%
6,623 Libya
83%
6,095 Namibia
81%
3,663 Cabo Verde
79%
3,298 Nigeria
78%
10,836 Gabon
75%
5,273 Angola
73%
18,389 Equatorial Guinea
68%
3,325 Eswatini
51%
No matching quizzes found
Score Distribution
Percent of People with Each Score
Percentile by Number Answered
Your Score History
You have not taken this quiz since the last reset